Empowerment of scheduled caste women: (Record no. 8590)

MARC details
000 -LEADER
fixed length control field 00823 a2200217 4500
010 ## - LIBRARY OF CONGRESS CONTROL NUMBER
LC control number ENG-88514
020 ## - INTERNATIONAL STANDARD BOOK NUMBER
International Standard Book Number 8183870570
Terms of availability 595.00
035 ## - SYSTEM CONTROL NUMBER
System control number EN-72047
037 ## - SOURCE OF ACQUISITION
Source of stock number/acquisition DBAD / PUB
082 14 - DEWEY DECIMAL CLASSIFICATION NUMBER
Classification number 305.56082
090 ## - LOCALLY ASSIGNED LC-TYPE CALL NUMBER (OCLC); LOCAL CALL NUMBER (OCLC)
-- 8747
-- 8747
100 ## - MAIN ENTRY--PERSONAL NAME
Personal name Singh, S.K.
245 1# - TITLE STATEMENT
Title Empowerment of scheduled caste women:
Statement of responsibility, etc by S.K. Singh [and] S.P.Pandey
Remainder of title through self-help groups (study funded by Planning Commission, Govt. of India)/
260 ## - PUBLICATION, DISTRIBUTION, ETC. (IMPRINT)
Place of publication, distribution, etc New Delhi
Name of publisher, distributor, etc Serials Publications
Date of publication, distribution, etc 2007
270 ## - ADDRESS
Address 4830/24, Prahlad Street, Ansari Road, Daryaganj,
City New Delhi
Postal code 110 002
300 ## - PHYSICAL DESCRIPTION
Extent x, 221p.
Dimensions 22cm (Hb )
500 ## - GENERAL NOTE
General note Includes bibliographical references
700 ## - ADDED ENTRY--PERSONAL NAME
Personal name Pandey, S.P.
942 ## - ADDED ENTRY ELEMENTS (KOHA)
Institution code [OBSOLETE] dpl
Koha item type English Books
Call number prefix 305.56082 / SIN
Holdings
Withdrawn status Lost status Source of classification or shelving scheme Damaged status Not for loan Collection code Home library Current library Source of acquisition Cost, normal purchase price Total Checkouts Full call number Barcode Date last seen Copy number Uniform Resource Identifier Cost, replacement price Price effective from Koha item type
    Dewey Decimal Classification   Not For Loan Non-fiction D.B.Act.Division D.B.Act.Division DBAD/PUB 595.00   305.56082 EN-72047 15/09/2008 1 9530 595.00 15/09/2008 English Books

© Delhi Public Library
Hit Counter
free hit counter